Comparative study of varieties and split application of muriate of potash on growth and yield of onion / (Record no. 17579)

MARC details
000 -LEADER
fixed length control field 01140nam a22002777a 4500
001 - CONTROL NUMBER
control field BD-DhSAU
003 - CONTROL NUMBER IDENTIFIER
control field BD-DhSAU
005 - DATE AND TIME OF LATEST TRANSACTION
control field 20250720123431.0
008 - FIXED-LENGTH DATA ELEMENTS--GENERAL INFORMATION
fixed length control field 150420b2005 bg ||||| m||| 00| 0 eng d
040 ## - CATALOGING SOURCE
Original cataloging agency BD-DhSAU
082 ## - DEWEY DECIMAL CLASSIFICATION NUMBER
Edition number 22
Classification number 635
Item number N629
100 ## - MAIN ENTRY--PERSONAL NAME
Personal name NIRA, JARIN JANNAT
Relator term Registration No. # 15-06639
245 ## - TITLE STATEMENT
Title Comparative study of varieties and split application of muriate of potash on growth and yield of onion /
Remainder of title MS thesis
260 ## - PUBLICATION, DISTRIBUTION, ETC. (IMPRINT)
Place of publication, distribution, etc. Sher-e-Bangla Agricultural Uniersity :
Name of publisher, distributor, etc. Department of Horticulture,
Date of publication, distribution, etc. 2022.
300 ## - PHYSICAL DESCRIPTION
Extent ix, 65p. ;
Dimensions 30 cm.
500 ## - GENERAL NOTE
General note MS thesis of Department of Horticulture, Faculty of Agriculture, Sher-e-Bangla Agricultural University, Dhaka, Bangladesh
504 ## - BIBLIOGRAPHY, ETC. NOTE
Bibliography, etc Includes bibliographical reference.
590 ## - Name of Cataloguer
Name of Cataloger Nazmul
650 ## - SUBJECT ADDED ENTRY--TOPICAL TERM
Topical term or geographic name as entry element varieties and split application
651 ## - SUBJECT ADDED ENTRY--GEOGRAPHIC NAME
Geographic name muriate of potash
654 ## - SUBJECT ADDED ENTRY--FACETED TOPICAL TERM
Focus term growth and yield of onion
700 ## - ADDED ENTRY--PERSONAL NAME
Personal name Prof. Dr. Tahmina Mostarin
Relator term Superviser
700 ## - ADDED ENTRY--PERSONAL NAME
Personal name Prof. Dr. Khaleda Khatun
Relator term Co-superviser
856 ## - ELECTRONIC LOCATION AND ACCESS
Uniform Resource Identifier <a href="http://archive.saulibrary.edu.bd:8080/xmlui/handle/123456789/5389">http://archive.saulibrary.edu.bd:8080/xmlui/handle/123456789/5389</a>
942 ## - ADDED ENTRY ELEMENTS (KOHA)
Source of classification or shelving scheme Dewey Decimal Classification
Koha item type MS Level Thesis
Holdings
Withdrawn status Lost status Source of classification or shelving scheme Damaged status Not for loan Collection code Home library Branch Name Date acquired Total Checkouts Full call number Barcode Date last seen Price effective from Koha item type
    Dewey Decimal Classification   Not For Loan Reference SAU Library SAU Library 09/09/2024   635 N629 45317 09/09/2024 09/09/2024 MS Level Thesis